A certain Doctor French / (Record no. 191004)
[ view plain ]
| 000 -LEADER | |
|---|---|
| fixed length control field | 00423 a2200169 4500 |
| 003 - CONTROL NUMBER IDENTIFIER | |
| control field | Nust |
| 005 - DATE AND TIME OF LATEST TRANSACTION | |
| control field | 20230125154054.0 |
| 040 ## - CATALOGING SOURCE | |
| Transcribing agency | Nust |
| 082 ## - DEWEY DECIMAL CLASSIFICATION NUMBER | |
| Classification number | 808.83,SEI |
| 100 ## - MAIN ENTRY--PERSONAL NAME | |
| Personal name | Seifert, Elizabeth, |
| 9 (RLIN) | 107668 |
| 245 ## - TITLE STATEMENT | |
| Title | A certain Doctor French / |
| Statement of responsibility, etc. | Elizabeth Seifert, |
| 260 ## - PUBLICATION, DISTRIBUTION, ETC. | |
| Place of publication, distribution, etc. | New York, |
| Name of publisher, distributor, etc. | Aeonian Press, |
| Date of publication, distribution, etc. | [c1943] |
| 300 ## - PHYSICAL DESCRIPTION | |
| Extent | 191 p |
| 538 ## - SYSTEM DETAILS NOTE | |
| System details note | Almirah No.58 Shelf No.2 |
| 650 ## - SUBJECT ADDED ENTRY--TOPICAL TERM | |
| Topical term or geographic name entry element | Novel |
| 9 (RLIN) | 2525 |
| 942 ## - ADDED ENTRY ELEMENTS (KOHA) | |
| Source of classification or shelving scheme | |
| Koha item type | Book |
| Withdrawn status | Lost status | Source of classification or shelving scheme | Damaged status | Not for loan | Permanent Location | Current Location | Shelving location | Date acquired | Full call number | Barcode | Date last seen | Price effective from | Koha item type | Public note |
|---|---|---|---|---|---|---|---|---|---|---|---|---|---|---|
| Military College of Signals (MCS) | Military College of Signals (MCS) | General Stacks | 12/12/2016 | 808.83,SEI | MCS29865 | 12/08/2016 | 12/12/2016 | Book | Almirah No.57, Shelf No.2 |
